00844nam a2200241 i 4500003000900000005001700009007000300026008004100029020001800070040003000088082002300118100003900141245005100180264006000231300002700291336002700318337003400345338002800379500007400407650002500481650002600506710007000532DO-SdBNP20231116103421.0ta110413s2023 dr 000 p spa d a9789945484574 aDO-SdBNPbspacBNPHUerda 4aRD861.5bR696e2221 aRodríguez, Marlexd1991-eautora10aEso de cielo :bpoesía /cMarlex Rodríguez 1aSan Cristóbal, República Dominicana :bFLAM,c2023. a84 páginas ;c22 cm. 2rdacontentatextobtxt 2rdamediaasin mediación bn 2rdacarrieravolumenbnc aIncluye datos biográficos de la autora en la solapa de la cubierta  4aPoesía dominicana  4aLiteratura dominicana1 aFundación Literaria Aníbal Montaño (República Dominicana)